| 000 | 00444pab a2200169 454500 | ||
|---|---|---|---|
| 008 | 180718b2007 xxu||||| |||| 00| 0 eng d | ||
| 100 | _aRottinghaus, Brandon | ||
| 245 | _aThe power of decree: presidential use of executive proclamations, 1977-2005 | ||
| 260 | _c2007 | ||
| 300 | _ap.338-43. | ||
| 362 | _aJun | ||
| 650 | _aPresidents | ||
| 700 | _aMaier, Jason | ||
| 773 | _aPolitical Research Quarterly | ||
| 908 | _aN | ||
| 909 | _a74830 | ||
| 999 |
_c74830 _d74830 |
||